[Event "Cris"]
[Site "SchemingMind.com"]
[Date "2016.01.12"]
[Round "-"]
[White "emvarela"]
[Black "Holty"]
[Result "1-0"]
[WhiteCountry "ARG"]
[BlackCountry "ENG"]
[WhiteElo "1720"]
[WhiteRD "49"]
[BlackElo "1786"]
[BlackRD "64"]
[GameID "393589"]

1. e4 e6 2. d4 d5 3. Nc3 Nf6 4. Bg5 Be7 5. e5 Nfd7 6. Bxe7 Qxe7 7. f4 a6 8. Nf3 b5 9. a3 c5 10. dxc5 Nxc5
11. Bd3 Qa7 12. Qe2 Nc6 13. b4 Nxd3+ 14. Qxd3 O-O 15. O-O-O Bd7 16. Nd4 Nxd4 17. Qxd4 Qxd4 18. Rxd4 Rac8 19. Ne4 dxe4 20. Rxd7 Rc6
21. Rhd1 h6 22. Rd8 Rc7 23. Rxf8+ Kxf8 24. Rd6 Ra7 25. Kd2 Ke7 26. Rd4 Rd7 27. Rxd7+ Kxd7 28. Ke3 f5 29. exf6 gxf6 30. Kxe4 Ke7
31. g4 Kd6 32. h4 Ke7 33. g5 fxg5 34. fxg5 hxg5 35. hxg5 Kf7 36. Ke5 Kg6 37. Kxe6 Kxg5 38. Kd6 Kf5 39. Kc6
1-0

[Event "Cris"]
[Site "SchemingMind.com"]
[Date "2016.01.12"]
[Round "-"]
[White "Holty"]
[Black "emvarela"]
[Result "1/2-1/2"]
[WhiteCountry "ENG"]
[BlackCountry "ARG"]
[WhiteElo "1806"]
[WhiteRD "60"]
[BlackElo "1684"]
[BlackRD "47"]
[GameID "393590"]

1. d4 Nf6 2. Nf3 d5 3. e3 e6 4. Bd3 c5 5. b3 cxd4 6. exd4 Nc6 7. a3 Be7 8. O-O O-O 9. Nbd2 Qb6 10. Bb2 Bd7
11. Ne5 Nxe5 12. dxe5 Ne8 13. Nf3 f6 14. b4 Bb5 15. Qe2 Bxd3 16. Qxd3 a5 17. Bd4 Qc6 18. b5 Qc7 19. Rfc1 Rc8 20. c3 Qc4
21. Ne1 Qxd3 22. Nxd3 Nc7 23. a4 Na8 24. Rab1 b6 25. exf6 Bxf6 26. Ne5 Bxe5 27. Bxe5 Rc4 28. Re1 Kf7 29. Ra1 g6 30. Re3 Ke7
31. f3 Nc7 32. Bxc7 Rxc7 33. Rc1 Rc4 34. Ra1 Kd6 35. Kf2 e5 36. Ke2 Rfc8 37. Kd2 d4 38. cxd4 Rxd4+ 39. Rd3 Rc4 40. Rxd4+ Rxd4+
41. Kc2 Kd5 42. Kc3 h5 43. g3 g5 44. h3 Rc4+ 45. Kd3 e4+ 46. fxe4+ Rxe4 47. Rf1 Rd4+ 48. Kc3 Kc5 49. Rf5+ Rd5 50. Rxd5+=
1/2-1/2

[Event "Cris"]
[Site "SchemingMind.com"]
[Date "2016.01.12"]
[Round "-"]
[White "George Dimitrov"]
[Black "Scooter"]
[Result "1-0"]
[WhiteCountry "BUL"]
[BlackCountry "USA"]
[WhiteElo "2035"]
[WhiteRD "204"]
[BlackElo "1696"]
[BlackRD "46"]
[GameID "393661"]

1. e4 c6 2. d4 d5 3. exd5 cxd5 4. c4 Nf6 5. Nc3 g6 6. Qb3 e6 7. cxd5 Nxd5 8. Nf3 Bb4 9. Bb5+ Bd7 10. Bc4 Bxc3+
11. bxc3 Bc6 12. Bh6 Nd7 13. O-O Qb6 14. Qa3 N7f6 15. Rfe1 Ng4 16. Bg5 h6 17. Bxd5 hxg5 18. Rab1 Qc7 19. Qc5 Nxh2 20. Ne5 Rc8
21. Bxc6+ bxc6 22. d5 cxd5 23. Qxc7
1-0

[Event "Cris"]
[Site "SchemingMind.com"]
[Date "2016.01.12"]
[Round "-"]
[White "Scooter"]
[Black "George Dimitrov"]
[Result "0-1"]
[WhiteCountry "USA"]
[BlackCountry "BUL"]
[WhiteElo "1696"]
[WhiteRD "46"]
[BlackElo "2035"]
[BlackRD "204"]
[GameID "393662"]

1. d4 Nf6 2. Nf3 d5 3. Bf4 c5 4. e3 Nc6 5. Bb5 Qa5+ 6. Nc3 Ne4 7. Ne5 Nxc3 8. Bxc6+ bxc6 9. bxc3 Qxc3+ 10. Ke2 Ba6+
11. Nd3 f6 12. Qd2 cxd4 13. Qxc3 dxc3 14. Rhd1 e5
0-1

[Event "Cris"]
[Site "SchemingMind.com"]
[Date "2016.01.20"]
[Round "-"]
[White "Eric Caesar"]
[Black "frankly"]
[Result "0-1"]
[WhiteCountry "NED"]
[BlackCountry "ENG"]
[WhiteElo "1865"]
[WhiteRD "65"]
[BlackElo "2449"]
[BlackRD "55"]
[GameID "394130"]

1. d4 Nf6 2. Nf3 e6 3. e3 b6 4. Bd3 Bb7 5. O-O c5 6. c3 Be7 7. Nbd2 O-O 8. e4 cxd4 9. cxd4 Ba6 10. Bxa6 Nxa6
11. a3 Qc7 12. Qe2 Qb7
0-1

[Event "Cris"]
[Site "SchemingMind.com"]
[Date "2016.01.31"]
[Round "-"]
[White "clare1347"]
[Black "Stephen Woodhouse"]
[Result "1-0"]
[WhiteCountry "ENG"]
[BlackCountry "ENG"]
[WhiteElo "2303"]
[WhiteRD "86"]
[BlackElo "1805"]
[BlackRD "50"]
[GameID "394775"]

1. d4 e6 2. c4 d5 3. Nc3 c5 4. cxd5 exd5 5. Nf3 Nc6 6. g3 Nf6 7. Bg2 Be7 8. O-O O-O 9. dxc5 Bxc5 10. Bg5 d4
11. Bxf6 Qxf6 12. Ne4 Qe7 13. Nxc5 Qxc5 14. Qd2 Bg4 15. Qf4 Bxf3 16. Bxf3 Rac8 17. Rfd1 Rfd8 18. Rac1 Qb6 19. b3 Qa6 20. Rd2 Qb6
21. Rc4 Qc7 22. Bxc6 Qxf4 23. gxf4 Rxc6 24. Rdxd4 Rxd4 25. Rxd4 Kf8 26. Rd8+ Ke7 27. Rb8 Rc7 28. e4 Kd7 29. Ra8 a6 30. Kg2 Kc6
31. Rd8 Kc5 32. a3 g6 33. Kf3 Kb6 34. Rd6+ Kc5 35. e5 a5 36. f5 a4 37. bxa4 Kc4 38. Rb6 Kd5 39. Rb5+ Kc4 40. Kg4 h6
41. fxg6 fxg6 42. f4 Kd4 43. h4 Ke4 44. e6
1-0

[Event "Cris"]
[Site "SchemingMind.com"]
[Date "2016.01.31"]
[Round "-"]
[White "Stephen Woodhouse"]
[Black "clare1347"]
[Result "0-1"]
[WhiteCountry "ENG"]
[BlackCountry "ENG"]
[WhiteElo "1805"]
[WhiteRD "50"]
[BlackElo "2303"]
[BlackRD "86"]
[GameID "394776"]

1. e4 d5 2. exd5 Nf6 3. Bb5+ Bd7 4. Bc4 Bg4 5. f3 Bf5 6. Nc3 Nbd7 7. Nge2 Nb6 8. Bb3 Nbxd5 9. Nxd5 Nxd5 10. Ng3 Bg6
11. O-O e6 12. d3 Bd6 13. Bxd5 exd5 14. Re1+ Kf8 15. Bd2 h5 16. Bc3 h4 17. Ne2 c5 18. b3 d4 19. Bb2 Qf6 20. Qd2 h3
21. f4 hxg2 22. Kxg2 Qh4 23. Rh1 Bf5 24. Rag1 Bh3+ 25. Kf3 Bd7 26. Ng3 Re8 27. Ne4 f5 28. Qf2 fxe4+ 29. dxe4 Qh5+
0-1

[Event "Cris"]
[Site "SchemingMind.com"]
[Date "2016.03.02"]
[Round "-"]
[White "emvarela"]
[Black "Phillip Beckett"]
[Result "1-0"]
[WhiteCountry "ARG"]
[BlackCountry "ENG"]
[WhiteElo "1684"]
[WhiteRD "47"]
[BlackElo "1577"]
[BlackRD "47"]
[GameID "396205"]

1. e4 c5 2. Nf3 d6 3. d4 cxd4 4. Nxd4 Nf6 5. Nc3 g6 6. g3 Bg7 7. Bg2 O-O 8. O-O Nc6 9. Nxc6 bxc6 10. Qd3 Qb6
11. Qe3 Qxe3 12. Bxe3 Rb8 13. Rab1 c5 14. b3 Bb7 15. Nd5 Nxd5 16. exd5 Rfc8 17. c4 a5 18. Bd2 Ra8 19. f4 e6 20. dxe6 Bxg2
21. exf7+ Kxf7 22. Kxg2 a4 23. Rf2 axb3 24. axb3 Bd4 25. Re2 Ra2 26. Kf3 Rb8 27. Be3 Bf6 28. Rxa2
1-0

[Event "Cris"]
[Site "SchemingMind.com"]
[Date "2016.03.01"]
[Round "-"]
[White "Phillip Beckett"]
[Black "emvarela"]
[Result "1-0"]
[WhiteCountry "ENG"]
[BlackCountry "ARG"]
[WhiteElo "1577"]
[WhiteRD "47"]
[BlackElo "1684"]
[BlackRD "47"]
[GameID "396206"]

1. e4 e5 2. Nf3 Nc6 3. Bb5 a6 4. Bxc6 dxc6 5. d4 exd4 6. Qxd4 Qxd4 7. Nxd4 Bd7 8. Be3 Bd6 9. Nd2 c5 10. N4b3 b6
11. O-O-O Ne7 12. Nc4
1-0

[Event "Cris"]
[Site "SchemingMind.com"]
[Date "2016.03.11"]
[Round "-"]
[White "DANDYLIONHONEYBADGER"]
[Black "Quaff"]
[Result "1/2-1/2"]
[WhiteCountry "USA"]
[BlackCountry "ENG"]
[WhiteElo "1297"]
[WhiteRD "64"]
[BlackElo "1615"]
[BlackRD "62"]
[GameID "396434"]

1. Nc3 e5 2. e4 d6 3. d3 h6 4. g4 Nc6 5. Be3 Nf6 6. Bh3 Nh7 7. Nf3 Be6 8. d4 exd4 9. Nxd4 Nxd4 10. Bxd4 Nf6
11. Qf3 Be7 12. O-O-O Qd7 13. Rhe1 Bxg4 14. Bxg4 Qxg4 15. Qxg4 Nxg4 16. Nd5 Kd7 17. f3 Nf6 18. Nxe7 Kxe7 19. Rd2 Rhg8 20. e5 dxe5
21. Rxe5+ Kd8 22. Be3+ Kc8 23. Rd4 Rd8 24. Rc4 b6 25. Re7 Rd7 26. Re5 Kb7 27. a4 Rad8 28. Kb1 c5 29. a5 Rd5 30. Re7+ R8d7
31. Rxd7+ Rxd7 32. Ra4 Nd5 33. a6+ Kc6 34. Bd2 Nf6 35. Kc1 Kb5 36. b3 Nd5 37. c4+ Kc6 38. cxd5+ Rxd5 39. b4 cxb4 40. Rxb4 Kc5
41. Rb2 Rf5 42. Rc2+ Kb5 43. f4 Kxa6 44. h4 Rh5 45. Ra2+ Kb7 46. Be1 Rf5 47. Ra4 Rc5+ 48. Kb2 b5 49. Ra5 a6 50. Kb3 Rc6
51. h5 Kc7 52. Kb4 Kd6 53. f5 f6 54. Bg3+ Kd5 55. Ra3 Ke4 56. Rc3 Rxc3 57. Kxc3 Kxf5 58. Bd6 Kg5 59. Bf8 g6 60. hxg6 Kxg6
61. Kb4 h5 62. Ka5 h4 63. Kxa6 b4 64. Bxb4 h3 65. Bd6 Kg5 66. Kb5 Kg4 67. Kc4 f5 68. Bh2 f4 69. Kd3 Kf3 70. Kd2 Kg2
71. Bxf4 h2 72. Bxh2
1/2-1/2

[Event "Cris"]
[Site "SchemingMind.com"]
[Date "2016.03.11"]
[Round "-"]
[White "Quaff"]
[Black "DANDYLIONHONEYBADGER"]
[Result "1-0"]
[WhiteCountry "ENG"]
[BlackCountry "USA"]
[WhiteElo "1612"]
[WhiteRD "58"]
[BlackElo "1309"]
[BlackRD "68"]
[GameID "396435"]

1. e4 e5 2. Nf3 Bd6 3. Bc4 h6 4. c3 Nf6 5. d3 c6 6. Be3 b5 7. Bb3 Ng4 8. h3 Nxe3 9. fxe3 Qf6 10. O-O g5
11. Nh2 Qe6 12. Bxe6 dxe6 13. Ng4 Nd7 14. Nd2 h5 15. Nh2 Ba6 16. Qf3 g4 17. Qxf7+ Kd8 18. Qxe6 Kc7 19. Rf7 Rad8 20. Raf1 Rde8
21. Qxd7+ Kb6 22. Qxa7+ Ka5 23. b4+ Bxb4 24. cxb4+ Kxb4 25. Qxa6 Ra8 26. a3+ Kc3 27. Qxc6+ Kxd2 28. Qc1+ Kxd3 29. Rd7+ Kxe4 30. Qc6+ Kxe3
31. Re1+ Kf4 32. Rf7+ Kg3 33. Re3+ Kh4 34. Qf6#
1-0

[Event "Cris"]
[Site "SchemingMind.com"]
[Date "2016.03.06"]
[Round "-"]
[White "redmike"]
[Black "kenneth m day"]
[Result "1-0"]
[WhiteCountry "SCO"]
[BlackCountry "USA"]
[WhiteElo "2128"]
[WhiteRD "76"]
[BlackElo "1674"]
[BlackRD "52"]
[GameID "396438"]

1. d4 d5 2. c4 Nc6 3. Nc3 Nf6 4. cxd5 Nxd5 5. Nf3 Bg4 6. e4 Nxc3 7. bxc3 e6 8. Be2 Be7 9. O-O O-O 10. Be3 f6
11. h3 Bxf3 12. Bxf3 Qd6 13. Qb3 Rab8 14. Bg4 Nd8 15. Rfd1 Kh8 16. c4 f5 17. c5 Qd7 18. exf5 exf5 19. Bf3 Nc6 20. Qb5 a6
21. Bxc6 Qxc6 22. Qxc6 bxc6 23. Rab1 Rb5 24. a4 Ra5 25. Rb7 Bd8 26. Ra1 Kg8 27. Bd2
1-0

[Event "Cris"]
[Site "SchemingMind.com"]
[Date "2016.03.06"]
[Round "-"]
[White "kenneth m day"]
[Black "redmike"]
[Result "0-1"]
[WhiteCountry "USA"]
[BlackCountry "SCO"]
[WhiteElo "1674"]
[WhiteRD "52"]
[BlackElo "2128"]
[BlackRD "76"]
[GameID "396439"]

1. e4 c5 2. d4 cxd4 3. c3 d3 4. Bxd3 Nc6 5. Nf3 d6 6. Bg5 g6 7. Nbd2 Bg7 8. O-O Nf6 9. Re1 O-O 10. Nh4 Ne5
11. Bc2 h6 12. Be3 Neg4 13. Bd4 e5 14. Be3 Nxe3 15. fxe3 Be6 16. Nhf3 Qb6 17. b3 Rac8 18. c4 Ng4 19. Qe2 Rfd8 20. Rad1 Qc5
21. Nb1 b5 22. Nc3 bxc4 23. Nd5 Kh7 24. bxc4 Qxc4 25. Bd3 Qa4 26. Rc1 Bxd5 27. exd5 e4 28. Bb5 Qa5 29. Nd4 Bxd4 30. exd4 Rxc1
31. Rxc1 f5 32. h3 Nf6 33. Bc6 Rb8 34. a4 g5 35. Qe3 Rb2 36. Rd1 f4 37. Qc1 Qb4 38. Kh1 f3 39. gxf3 Qb3 40. Rd2 Qxf3+
41. Kh2 Qf4+
0-1

[Event "Cris"]
[Site "SchemingMind.com"]
[Date "2016.03.06"]
[Round "-"]
[White "Wojtek26"]
[Black "George Dimitrov"]
[Result "0-1"]
[WhiteCountry "POL"]
[BlackCountry "BUL"]
[WhiteElo "1578"]
[WhiteRD "50"]
[BlackElo "2174"]
[BlackRD "146"]
[GameID "396440"]

1. d4 Nf6 2. c4 g6 3. e3 Bg7 4. Nf3 c5 5. d5 e6 6. dxe6 fxe6 7. Be2 Nc6 8. O-O d5 9. Nc3 O-O 10. cxd5 exd5
11. Bb5 a6 12. Be2 b5 13. a4 b4 14. Na2 Ne4 15. Nd2 Be6 16. Nxe4 dxe4 17. Bg4 Qe7 18. Bxe6+ Qxe6 19. Qc2 b3 20. Qxc5 Rf5
0-1

[Event "Cris"]
[Site "SchemingMind.com"]
[Date "2016.03.06"]
[Round "-"]
[White "George Dimitrov"]
[Black "Wojtek26"]
[Result "1-0"]
[WhiteCountry "BUL"]
[BlackCountry "POL"]
[WhiteElo "2174"]
[WhiteRD "146"]
[BlackElo "1578"]
[BlackRD "50"]
[GameID "396441"]

1. e4 e5 2. Nf3 Nc6 3. Bb5 d6 4. d4 exd4 5. Nxd4 Bd7 6. Nc3 Nf6 7. O-O Be7 8. Bxc6 Bxc6 9. Nf5 O-O 10. Qd4 Re8
11. Bg5 h6 12. Bh4 Ng4 13. Qxg7#
1-0

[Event "Cris"]
[Site "SchemingMind.com"]
[Date "2016.03.07"]
[Round "-"]
[White "Simon Green"]
[Black "Mortadulo"]
[Result "0-1"]
[WhiteCountry "ENG"]
[BlackCountry "USA"]
[WhiteElo "1616"]
[WhiteRD "56"]
[BlackElo "2257"]
[BlackRD "71"]
[GameID "396442"]

1. d4 Nf6 2. e3 g6 3. Bd3 Bg7 4. f4 d5 5. Nf3 c5 6. c3 Nc6 7. O-O O-O 8. Nbd2 cxd4 9. cxd4 Bf5 10. Bxf5 gxf5
11. Ne5 Rc8 12. a3 Qb6 13. Ndf3 e6 14. Ng5 Nxe5 15. fxe5 Bh6 16. Nf3 Ne4 17. Qe1 Qb3 18. Qe2 Rc2 19. Bd2 Nxd2 20. Nxd2 Rxd2
21. Qxd2 Bxe3+ 22. Qxe3 Qxe3+
0-1

[Event "Cris"]
[Site "SchemingMind.com"]
[Date "2016.03.06"]
[Round "-"]
[White "Mortadulo"]
[Black "Simon Green"]
[Result "1-0"]
[WhiteCountry "USA"]
[BlackCountry "ENG"]
[WhiteElo "2257"]
[WhiteRD "71"]
[BlackElo "1616"]
[BlackRD "56"]
[GameID "396443"]

1. Nc3 e6 2. e4 d5 3. Nf3 Nf6 4. exd5 exd5 5. d4 Bd6 6. Bd3 Be6 7. Nb5 c6 8. Nxd6+ Qxd6 9. O-O O-O 10. Ne5 Nbd7
11. Bf4 Qe7 12. c3 Nxe5 13. Bxe5 Nd7 14. Bg3 Nf6 15. Bh4 g6 16. Qf3 Kg7 17. Rae1 h6 18. Qg3 g5 19. Bxg5 hxg5 20. Qxg5+ Kh8
21. Re5 Rae8 22. Qh6+
1-0

[Event "Cris"]
[Site "SchemingMind.com"]
[Date "2016.03.06"]
[Round "-"]
[White "private napoleon"]
[Black "clare1347"]
[Result "0-1"]
[WhiteCountry "ENG"]
[BlackCountry "ENG"]
[WhiteElo "1732"]
[WhiteRD "78"]
[BlackElo "2340"]
[BlackRD "90"]
[GameID "396444"]

1. e4 d5 2. exd5 Nf6 3. Nf3 Bg4 4. Be2 Qxd5 5. O-O c6 6. Nc3 Qd6 7. d4 Nbd7 8. Be3 e6 9. Qd2 Qc7 10. Rad1 Bd6
11. h3 Bxf3 12. Bxf3 O-O-O 13. Ne2 Nb6 14. b3 Nbd5 15. c4 Nxe3 16. fxe3 e5 17. Nc3 Rhe8 18. Rde1 Qa5 19. Qc2 Bb4 20. Rc1 exd4
21. exd4 Rxd4 22. a3 Bd6 23. Ne2 Rd2 24. Qc3 Qc5+ 25. Kh1 Rexe2 26. Bxe2 Rxe2 27. b4 Qg5 28. c5 Qxg2#
0-1

[Event "Cris"]
[Site "SchemingMind.com"]
[Date "2016.03.06"]
[Round "-"]
[White "clare1347"]
[Black "private napoleon"]
[Result "1-0"]
[WhiteCountry "ENG"]
[BlackCountry "ENG"]
[WhiteElo "2340"]
[WhiteRD "90"]
[BlackElo "1732"]
[BlackRD "78"]
[GameID "396445"]

1. d4 g6 2. e4 Bg7 3. Nc3 d6 4. f4 Nf6 5. Nf3 Bg4 6. e5 dxe5 7. fxe5 Nd5 8. Bc4 Nxc3 9. bxc3 e6 10. O-O O-O
11. Ba3 Re8 12. Qd2 Nd7 13. Qf4 Bxf3 14. Rxf3 Kh8 15. Qxf7 c5 16. Rh3 Qe7 17. Qxg6 Bxe5 18. Bd3 Nf8 19. Qh5 Bd6 20. Rf1 b6
21. Bxh7
1-0

[Event "Cris"]
[Site "SchemingMind.com"]
[Date "2016.03.29"]
[Round "-"]
[White "Phillip Beckett"]
[Black "George Dimitrov"]
[Result "0-1"]
[WhiteCountry "ENG"]
[BlackCountry "BUL"]
[WhiteElo "1549"]
[WhiteRD "49"]
[BlackElo "2203"]
[BlackRD "139"]
[GameID "397398"]

1. d4 Nf6 2. e3 d5 3. Bd3 c5 4. c3 Nc6 5. f4 Bg4 6. Nf3 e6 7. O-O Be7 8. Nbd2 O-O 9. Qe1 Bf5 10. Bxf5 exf5
11. Ne5 Rc8 12. Ndf3 Ne4 13. Qe2 Nxe5 14. fxe5 f6 15. exf6 Rxf6 16. Ne5 Bd6 17. Nd3 Bxh2+ 18. Kxh2 Rh6+ 19. Kg1 Qh4
0-1

[Event "Cris"]
[Site "SchemingMind.com"]
[Date "2016.03.29"]
[Round "-"]
[White "George Dimitrov"]
[Black "Phillip Beckett"]
[Result "1-0"]
[WhiteCountry "BUL"]
[BlackCountry "ENG"]
[WhiteElo "2203"]
[WhiteRD "139"]
[BlackElo "1549"]
[BlackRD "49"]
[GameID "397399"]

1. e4 e5 2. Nf3 Nc6 3. Bb5 a6 4. Ba4 Nf6 5. O-O Be7 6. Re1 b5 7. Bb3 O-O 8. c3 d5 9. exd5 Nxd5 10. Nxe5 Nxe5
11. Rxe5 Nf6 12. d4 Bd6 13. Re1 Ng4 14. h3 Qh4 15. Qf3 Nxf2 16. Bd2 Bb7 17. Qxb7 Nd3 18. Re2 Nf4 19. Bxf4 Qxf4 20. Nd2 Qh2+
21. Kf2 Qg3+ 22. Kf1 Qh2 23. Rd1 Qf4+ 24. Rf2 Qh2 25. Rxf7 Qh1+ 26. Kf2
1-0

[Event "Cris"]
[Site "SchemingMind.com"]
[Date "2016.04.16"]
[Round "-"]
[White "Mortadulo"]
[Black "clare1347"]
[Result "1-0"]
[WhiteCountry "USA"]
[BlackCountry "ENG"]
[WhiteElo "2301"]
[WhiteRD "80"]
[BlackElo "2239"]
[BlackRD "83"]
[GameID "398119"]

1. Nc3 d5 2. e4 d4 3. Nce2 Nf6 4. e5 Ng4 5. f4 Nc6 6. Nf3 d3 7. cxd3 e6 8. d4 Be7 9. g3 h5 10. a3 a5
11. d3 Nh6 12. Be3 Nf5 13. Bf2
1-0

[Event "Cris"]
[Site "SchemingMind.com"]
[Date "2016.04.16"]
[Round "-"]
[White "clare1347"]
[Black "Mortadulo"]
[Result "0-1"]
[WhiteCountry "ENG"]
[BlackCountry "USA"]
[WhiteElo "2239"]
[WhiteRD "83"]
[BlackElo "2301"]
[BlackRD "80"]
[GameID "398120"]

1. d4 Nf6 2. c4 c5 3. d5 b5 4. Bg5 Qa5+ 5. Qd2 b4 6. Bxf6 gxf6 7. e3 d6 8. Bd3 Nd7 9. Nf3 Ne5 10. Nxe5 fxe5
11. O-O h5 12. Qc2 Qc7
0-1

[Event "Cris"]
[Site "SchemingMind.com"]
[Date "2016.05.23"]
[Round "-"]
[White "George Dimitrov"]
[Black "Mortadulo"]
[Result "1-0"]
[WhiteCountry "BUL"]
[BlackCountry "USA"]
[WhiteElo "2377"]
[WhiteRD "110"]
[BlackElo "2280"]
[BlackRD "81"]
[GameID "399526"]

1. e4 c5 2. Nf3 d6 3. d4 cxd4 4. Nxd4 Nf6 5. Nc3 a6 6. Be3 Ng4 7. Bg5 h6 8. Bh4 g5 9. Bg3 Bg7 10. h3 Ne5
11. Nf5 Bxf5 12. exf5 Nbc6 13. Nd5 e6 14. fxe6 fxe6 15. Ne3 O-O 16. Be2 d5 17. O-O Ng6 18. c4 d4 19. Qc2 Nge7 20. Rad1 Qe8
21. Ng4 e5 22. Nh2 Nf5 23. Bf3 Rd8 24. Be4
1-0

[Event "Cris"]
[Site "SchemingMind.com"]
[Date "2016.05.23"]
[Round "-"]
[White "Mortadulo"]
[Black "George Dimitrov"]
[Result "0-1"]
[WhiteCountry "USA"]
[BlackCountry "BUL"]
[WhiteElo "2280"]
[WhiteRD "81"]
[BlackElo "2377"]
[BlackRD "110"]
[GameID "399527"]

1. Nc3 d5 2. e4 Nf6 3. exd5 Nxd5 4. Bc4 e6 5. Qf3 Nxc3 6. dxc3 Bd6 7. Qg4 O-O 8. Bg5 e5 9. Qg3 Qd7 10. O-O-O Nc6
11. Ne2 Re8 12. f3 Ne7 13. Qh4 h6 14. Bxe7 Qxe7 15. Qxe7 Bxe7 16. Ng3 g6 17. h4 h5 18. Rde1 Bf8 19. Ne4 Kg7 20. g4 hxg4
21. h5 Be7 22. h6+ Kh7 23. fxg4 f6 24. g5 f5 25. Nf6+ Bxf6 26. gxf6 e4 27. f7 Rf8 28. Kd2 b5
0-1

[Event "Cris"]
[Site "SchemingMind.com"]
[Date "2016.06.17"]
[Round "-"]
[White "Quaff"]
[Black "frankly"]
[Result "0-1"]
[WhiteCountry "ENG"]
[BlackCountry "ENG"]
[WhiteElo "1618"]
[WhiteRD "66"]
[BlackElo "2466"]
[BlackRD "57"]
[GameID "400367"]

1. e4 e5 2. Nf3 Nc6 3. Bc4 Nf6 4. d3 Be7 5. c3 O-O 6. Bg5 d6 7. h3 h6 8. Bxf6 Bxf6 9. Nbd2 Ne7 10. Qe2 Ng6
11. O-O-O c6 12. g4 b5 13. Bb3 Nf4 14. Qf1 a5 15. Ng1 b4 16. c4 a4 17. Bc2 Qa5 18. Bb1 d5 19. Ngf3 Be6 20. h4 b3
21. a3 Be7 22. g5 Qc3+ 23. Bc2 Qxc2#
0-1

[Event "Cris"]
[Site "SchemingMind.com"]
[Date "2016.06.18"]
[Round "-"]
[White "frankly"]
[Black "Quaff"]
[Result "1-0"]
[WhiteCountry "ENG"]
[BlackCountry "ENG"]
[WhiteElo "2458"]
[WhiteRD "57"]
[BlackElo "1615"]
[BlackRD "62"]
[GameID "400368"]

1. e4 e5 2. Nf3 d6 3. d4 exd4 4. Nxd4 h6 5. Nc3 Nf6 6. Bc4 Be7 7. O-O Bd7 8. Qf3 Nc6 9. Nxc6 Bxc6 10. Qg3 a6
11. Qxg7
1-0

[Event "Cris"]
[Site "SchemingMind.com"]
[Date "2016.07.22"]
[Round "-"]
[White "frankly"]
[Black "George Dimitrov"]
[Result "1/2-1/2"]
[WhiteCountry "ENG"]
[BlackCountry "BUL"]
[WhiteElo "2475"]
[WhiteRD "61"]
[BlackElo "2374"]
[BlackRD "103"]
[GameID "401707"]

1. e4 e5 2. Nf3 Nc6 3. d4 exd4 4. Nxd4 Nf6 5. Nxc6 bxc6 6. e5 Qe7 7. Qe2 Nd5 8. c4 Ba6 9. g3 g6 10. b3 Bg7
11. Bb2 O-O 12. Bg2 Rae8 13. O-O Bxe5 14. Qxe5 Qxe5 15. Bxe5 Rxe5 16. cxd5 Bxf1 17. Kxf1 cxd5 18. f4 Re3 19. Bxd5 Rd3 20. Bf3 Re8
21. Kf2 Kg7 22. Be2 Rde3 23. Bd1 Re1 24. Nd2 R8e2+ 25. Bxe2 Rxa1 26. a4 d5 27. Ke3 Kf6 28. Bd3 Re1+ 29. Kd4 Rd1 30. Kc3 c5
31. Nf3 Ke7 32. g4 a5 33. Kc2 Rh1 34. g5 Ke6=
1/2-1/2

[Event "Cris"]
[Site "SchemingMind.com"]
[Date "2016.07.22"]
[Round "-"]
[White "George Dimitrov"]
[Black "frankly"]
[Result "1/2-1/2"]
[WhiteCountry "BUL"]
[BlackCountry "ENG"]
[WhiteElo "2374"]
[WhiteRD "103"]
[BlackElo "2475"]
[BlackRD "61"]
[GameID "401708"]

1. e4 c5 2. Nf3 Nc6 3. d4 cxd4 4. Nxd4 Nf6 5. Nc3 e5 6. Ndb5 d6 7. Bg5 a6 8. Na3 b5 9. Nd5 Be7 10. Bxf6 Bxf6
11. c3 O-O 12. Nc2 Bg5 13. a4 bxa4 14. Rxa4 a5 15. Bc4 Rb8 16. b3 Kh8 17. Nce3 g6 18. O-O f5 19. Qd3 Be6 20. Rd1 Qd7
21. Ra2 Bd8 22. Raa1 fxe4 23. Qxe4 Ne7 24. Nxe7 Qxe7 25. Qd3 Bxc4 26. Nxc4 Rxb3 27. Qc2 Qb7 28. Nxd6 Qb6 29. Nc4 Qb5 30. Nxe5 Bb6
31. Qe4 Bxf2+ 32. Kh1 Rxc3 33. Rd7 Re3 34. Rxh7+ Kxh7=
1/2-1/2